The psychoanalysis of fire / (Record no. 121363)
[ view plain ]
| 000 -LEADER | |
|---|---|
| fixed length control field | 00771mam a2200265 a 4500 |
| 001 - CONTROL NUMBER | |
| control field | 1830348 |
| 003 - CONTROL NUMBER IDENTIFIER | |
| control field | ARRUPE |
| 005 - DATE AND TIME OF LATEST TRANSACTION | |
| control field | 20141202143734.0 |
| 008 - FIXED-LENGTH DATA ELEMENTS--GENERAL INFORMATION | |
| fixed length control field | 820727s1964 mau b 000 0 eng |
| 010 ## - LIBRARY OF CONGRESS CONTROL NUMBER | |
| LC control number | 64013538 |
| 035 ## - SYSTEM CONTROL NUMBER | |
| System control number | (OCoLC)262120 |
| 035 ## - SYSTEM CONTROL NUMBER | |
| System control number | (OCoLC)ocm00262120 |
| 035 ## - SYSTEM CONTROL NUMBER | |
| System control number | (NNC)1830348 |
| 040 ## - CATALOGING SOURCE | |
| Original cataloging agency | CtY-M |
| Transcribing agency | CtY-m |
| 041 1# - LANGUAGE CODE | |
| Language code of text/sound track or separate title | eng |
| Language code of original and/or intermediate translations of text | fre |
| 300 ## - PHYSICAL DESCRIPTION | |
| Dimensions | 24 cm. |
| 100 1# - MAIN ENTRY--PERSONAL NAME | |
| Personal name | Bachelard, Gaston, |
| Dates associated with a name | 1884-1962. |
| 9 (RLIN) | 12975 |
| 245 14 - TITLE STATEMENT | |
| Title | The psychoanalysis of fire / |
| Statement of responsibility, etc | translated by Alan C.M. Ross. |
| 260 ## - PUBLICATION, DISTRIBUTION, ETC. (IMPRINT) | |
| Place of publication, distribution, etc | Boston : |
| Name of publisher, distributor, etc | Beacon Press, |
| Date of publication, distribution, etc | 1964. |
| 300 ## - PHYSICAL DESCRIPTION | |
| Extent | viii, 115 p. ; |
| 504 ## - BIBLIOGRAPHY, ETC. NOTE | |
| Bibliography, etc | Bibliographical references included in "Footnotes": p. 113-115. |
| 650 #0 - SUBJECT ADDED ENTRY--TOPICAL TERM | |
| Topical term or geographic name as entry element | Psychoanalysis. |
| 9 (RLIN) | 12984 |
| 650 #0 - SUBJECT ADDED ENTRY--TOPICAL TERM | |
| Topical term or geographic name as entry element | Fire. |
| 9 (RLIN) | 12985 |
| 942 ## - ADDED ENTRY ELEMENTS (KOHA) | |
| Source of classification or shelving scheme | Library of Congress Classification |
| Koha item type | Monograph ( Printed materials) |
| Withdrawn status | Lost status | Source of classification or shelving scheme | Damaged status | Not for loan | Collection code | Home library | Current library | Shelving location | Date acquired | Total Checkouts | Full call number | Barcode | Date last seen | Price effective from | Koha item type |
|---|---|---|---|---|---|---|---|---|---|---|---|---|---|---|---|
| Library of Congress Classification | Main Collection | ARRUPE LIBRARY | ARRUPE LIBRARY | Main Collection | 02/12/2014 | BF789.F5 B313 | 46500003555 | 12/09/2016 | 02/12/2014 | Monograph ( Printed materials) |